<?xml version='1.0' encoding='UTF-8'?>
  <record xmlns="http://www.loc.gov/MARC21/slim">
    <leader>00000cam a22000007i 4500</leader>
    <controlfield tag="001">ocn212421688</controlfield>
    <controlfield tag="003">OCoLC</controlfield>
    <controlfield tag="005">20250110125732.7</controlfield>
    <controlfield tag="008">080114s1525    gw            000 0 lat d</controlfield>
    <datafield tag="040" ind1=" " ind2=" ">
      <subfield code="a">NLGGC</subfield>
      <subfield code="b">eng</subfield>
      <subfield code="e">dcrmr</subfield>
      <subfield code="c">NLGGC</subfield>
      <subfield code="d">OCLCO</subfield>
      <subfield code="d">QGJ</subfield>
      <subfield code="d">OCLCO</subfield>
      <subfield code="d">QGJ</subfield>
      <subfield code="d">OCLCA</subfield>
      <subfield code="d">OCLCL</subfield>
      <subfield code="d">OCLCA</subfield>
    </datafield>
    <datafield tag="029" ind1="0" ind2=" ">
      <subfield code="a">NLGGC</subfield>
      <subfield code="b">306031124</subfield>
    </datafield>
    <datafield tag="035" ind1=" " ind2=" ">
      <subfield code="a">(OCoLC)212421688</subfield>
    </datafield>
    <datafield tag="041" ind1="0" ind2=" ">
      <subfield code="a">lat</subfield>
      <subfield code="a">grc</subfield>
    </datafield>
    <datafield tag="245" ind1="0" ind2="0">
      <subfield code="a">Contenta in hocce libello. Eloquentiae encomium, autore Philippo Melanchthone. De primis apud rhetorem exercitationibus Præceptiones, autore Petro Mosel. Aphthonii Sophistae graeca progymnasmata. Eadem latina Joanne Maria Catanæo interprete. Libanii Sophistae graecae declamationes tres. Eaedem latinae Erasmo Roterodamo interprete.</subfield>
    </datafield>
    <datafield tag="246" ind1="3" ind2="0">
      <subfield code="a">Eloquentiae encomium, autore Philippo Melanchthone. De primis apud rhetorem exercitationibus Præceptiones, autore Petro Mosel. Aphthonii Sophistae graeca progymnasmata. Eadem latina Joanne Maria Catanæo interprete. Libanii Sophistae graecae declamationes tres. Eaedem latinae Erasmo Roterodamo interprete.</subfield>
    </datafield>
    <datafield tag="246" ind1="3" ind2=" ">
      <subfield code="a">Eloqventiae encomivm, avtore Philippo Melanchthone. De primis apvd rhetorem exercitationibus praeceptiones, autore Petro Mosel. Aphthonii Sophistae graecae progymnasmata. Eadem latina Ioanne Maria Catanaeo interprete. Libanii Sophistae gracae declamationes tres. Eaedem latinae Erasmo roterodamo interprete</subfield>
    </datafield>
    <datafield tag="264" ind1=" " ind2="1">
      <subfield code="a">Coloniae, :</subfield>
      <subfield code="b">apud Joannẽ[m] Soterẽ[m],</subfield>
      <subfield code="c">Anno MDXXV [1525].</subfield>
    </datafield>
    <datafield tag="300" ind1=" " ind2=" ">
      <subfield code="a">88 leaves ;</subfield>
      <subfield code="c">16 cm (8vo)</subfield>
    </datafield>
    <datafield tag="336" ind1=" " ind2=" ">
      <subfield code="a">text</subfield>
      <subfield code="b">txt</subfield>
      <subfield code="2">rdacontent</subfield>
    </datafield>
    <datafield tag="337" ind1=" " ind2=" ">
      <subfield code="a">unmediated</subfield>
      <subfield code="b">n</subfield>
      <subfield code="2">rdamedia</subfield>
    </datafield>
    <datafield tag="338" ind1=" " ind2=" ">
      <subfield code="a">volume</subfield>
      <subfield code="b">nc</subfield>
      <subfield code="2">rdacarrier</subfield>
    </datafield>
    <datafield tag="340" ind1=" " ind2=" ">
      <subfield code="m">8vo</subfield>
      <subfield code="2">rdabf</subfield>
    </datafield>
    <datafield tag="500" ind1=" " ind2=" ">
      <subfield code="a">Signatures: A-L⁸.</subfield>
    </datafield>
    <datafield tag="500" ind1=" " ind2=" ">
      <subfield code="a">Leaves 41-88 contain Greek texts printed alternately with Latin translations; the leaves containing Latin translations are numbered recto &amp; verso, those containing Greek texts are unnumbered.</subfield>
    </datafield>
    <datafield tag="500" ind1=" " ind2=" ">
      <subfield code="a">Printer's mark on verso of last leaf.</subfield>
    </datafield>
    <datafield tag="500" ind1=" " ind2=" ">
      <subfield code="a">With a contribution by Christophorus a Carlebicz.</subfield>
    </datafield>
    <datafield tag="500" ind1=" " ind2=" ">
      <subfield code="a">Gatherings B &amp; C occur in variant settings; in this setting, B1r, line 8 ends "Propterea ad cõ"; C1r has catchword "non."</subfield>
    </datafield>
    <datafield tag="510" ind1="4" ind2=" ">
      <subfield code="a">Adams, H.M. Catalogue of books printed on the continent of Europe, 1501-1600, in Cambridge libraries,</subfield>
      <subfield code="c">M 1131</subfield>
    </datafield>
    <datafield tag="510" ind1="4" ind2=" ">
      <subfield code="a">Verzeichnis der im deutschen Sprachbereich erschienenen Drucke des 16. Jahrhunderts (VD 16),</subfield>
      <subfield code="c">M 3711</subfield>
    </datafield>
    <datafield tag="700" ind1="1" ind2="2">
      <subfield code="i">Container of (expression):</subfield>
      <subfield code="a">Melanchthon, Philip,</subfield>
      <subfield code="d">1497-1560.</subfield>
      <subfield code="t">Necessarias esse ad omne studiorum genus Artes dicendi.</subfield>
      <subfield code="l">Latin.</subfield>
    </datafield>
    <datafield tag="700" ind1="1" ind2="2">
      <subfield code="i">Container of (expression):</subfield>
      <subfield code="a">Schade, Peter,</subfield>
      <subfield code="d">1493-1524.</subfield>
      <subfield code="t">De primis apud rhetorem exercitationibus præceptiones.</subfield>
      <subfield code="l">Latin.</subfield>
    </datafield>
    <datafield tag="700" ind1="0" ind2="2">
      <subfield code="i">Container of (work):</subfield>
      <subfield code="a">Aphthonius,</subfield>
      <subfield code="d">active 4th century-5th century.</subfield>
      <subfield code="t">Progymnasmata.</subfield>
    </datafield>
    <datafield tag="700" ind1="0" ind2="2">
      <subfield code="i">Container of (expression):</subfield>
      <subfield code="a">Aphthonius,</subfield>
      <subfield code="d">active 4th century-5th century.</subfield>
      <subfield code="t">Progymnasmata.</subfield>
      <subfield code="l">Latin.</subfield>
    </datafield>
    <datafield tag="700" ind1="0" ind2="2">
      <subfield code="i">Container of (work):</subfield>
      <subfield code="a">Libanius.</subfield>
      <subfield code="t">Declamationes.</subfield>
    </datafield>
    <datafield tag="700" ind1="0" ind2="2">
      <subfield code="i">Container of (expression):</subfield>
      <subfield code="a">Libanius.</subfield>
      <subfield code="t">Declamationes.</subfield>
      <subfield code="l">Latin.</subfield>
    </datafield>
    <datafield tag="700" ind1="1" ind2=" ">
      <subfield code="a">Cattaneo, Giovanni Maria,</subfield>
      <subfield code="d">-1529 or 1530,</subfield>
      <subfield code="e">translator.</subfield>
      <subfield code="4">trl</subfield>
      <subfield code="1">https://id.oclc.org/worldcat/entity/E39PBJpypXPRqPGbh4TGbRpXVC</subfield>
    </datafield>
    <datafield tag="700" ind1="1" ind2=" ">
      <subfield code="a">Erasmus, Desiderius,</subfield>
      <subfield code="d">-1536,</subfield>
      <subfield code="e">translator.</subfield>
      <subfield code="4">trl</subfield>
      <subfield code="1">https://id.oclc.org/worldcat/entity/E39PBJwHfjfbWJYxDvw6tXDXh3</subfield>
    </datafield>
    <datafield tag="700" ind1="1" ind2=" ">
      <subfield code="a">Carlowitz, Christoph von,</subfield>
      <subfield code="d">1507-1578?,</subfield>
      <subfield code="e">contributor.</subfield>
      <subfield code="4">ctb</subfield>
      <subfield code="1">https://id.oclc.org/worldcat/entity/E39PBJt469gpyQjwQjkg3bCWjC</subfield>
    </datafield>
    <datafield tag="700" ind1="1" ind2=" ">
      <subfield code="a">Soter, Johannes,</subfield>
      <subfield code="d">-approximately 1543,</subfield>
      <subfield code="e">printer.</subfield>
      <subfield code="4">prt</subfield>
      <subfield code="1">https://id.oclc.org/worldcat/entity/E39PBJvMvPxG6XT7x9pDHCBMfq</subfield>
    </datafield>
    <datafield tag="740" ind1="0" ind2=" ">
      <subfield code="a">Eloquentiae encomium</subfield>
    </datafield>
    <datafield tag="740" ind1="0" ind2=" ">
      <subfield code="a">Graeca progymnasmata</subfield>
    </datafield>
    <datafield tag="740" ind1="0" ind2=" ">
      <subfield code="a">Graecae declamationes tres</subfield>
    </datafield>
    <datafield tag="752" ind1=" " ind2=" ">
      <subfield code="a">Germany</subfield>
      <subfield code="d">Cologne,</subfield>
      <subfield code="e">publication place.</subfield>
      <subfield code="4">pup</subfield>
    </datafield>
  </record>